ნორმალური ფორმატი
MARC ფორმატი
ჩანაწერი Personal Name
ჩანაწერთა რაოდენობა, რომელიც გამოყენებულია: 1
001 - CONTROL NUMBER
- control field: 7067
003 - CONTROL NUMBER IDENTIFIER
- control field: GE_BSU
005 - DATE AND TIME OF LATEST TRANSACTION
- control field: 20200213143231.0
008 - FIXED-LENGTH DATA ELEMENTS
- fixed length control field: 200213|| aca||aabn | a|a d
040 ## - CATALOGING SOURCE
- Original cataloging agency: GE_BSU
- Transcribing agency: GE_BSU
100 ## - HEADING--PERSONAL NAME
- Personal name: Чернышова,А,В.
670 ## - SOURCE DATA FOUND
- Source citation: Work cat.: (GE_BSU)50502: Чернышов,С,И. 7066, Поехали ! Русский язык для взрослых. Базовый курс :Часть 2 : Том II :
